000 01682nam a2200361 a 4500
001 ebr10519700
003 CaPaEBR
006 m u
007 cr cn|||||||||
008 110606s2012 inuac sb 001 0beng d
010 _z 2011022597
020 _z9780253356642 (cloth alk. paper)
020 _z9780253005199 (e-book)
040 _aCaPaEBR
_cCaPaEBR
035 _a(OCoLC)769192108
043 _ae-pl---
_an-us---
050 1 4 _aPN2859.P66
_bM6255 2012eb
082 0 4 _a792.02/8092
_aB
_223
100 1 _aHolmgren, Beth,
_d1955-
245 1 0 _aStarring Madame Modjeska
_h[electronic resource] :
_bon tour in Poland and America /
_cBeth Holmgren.
260 _aBloomington :
_bIndiana University Press,
_c2012.
300 _axv, 408 p. :
_bill., ports.
504 _aIncludes bibliographical references and index.
505 0 _aDebut -- The making of a Polish actress -- Warsaw's state of the stars -- A colonial party and the California dream -- On the American road -- The roles of Madame Modjeska -- The Polish Modjeska -- Farewell tour -- Epilogue: finding Modjeska today.
533 _aElectronic reproduction.
_bPalo Alto, Calif. :
_cebrary,
_d2012.
_nAvailable via World Wide Web.
_nAccess may be limited to ebrary affiliated libraries.
600 1 0 _aModjeska, Helena,
_d1840-1909.
650 0 _aActors
_zPoland
_vBiography.
650 0 _aActors
_zUnited States
_vBiography.
650 0 _aShakespearean actors and actresses
_zUnited States
_vBiography.
655 7 _aElectronic books.
_2local
710 2 _aebrary, Inc.
856 4 0 _uhttp://site.ebrary.com/lib/rucke/Doc?id=10519700
_zAn electronic book accessible through the World Wide Web; click to view
999 _c237381
_d237381